Laporan tahunan 2005 Lembaga Hasil Dalam Negeri Malaysia [LHDN].

Bibliographic Details
Corporate Author: Lembaga Hasil Dalam Negeri Malaysia [LHDN]
Format: Book
Published: Kuala Lumpur: LHDN, 2006.
Subjects:
LEADER 00562cam a2200145 7i4500
001 0000020089
005 20071228090000.0
090 0 0 |a CD 354.59606725   |b LEM [M] 
110 2 0 |a Lembaga Hasil Dalam Negeri Malaysia [LHDN] 
245 2 0 |a Laporan tahunan 2005 Lembaga Hasil Dalam Negeri Malaysia [LHDN]. 
260 0 0 |a Kuala Lumpur:   |b LHDN,   |c 2006. 
300 # # |a Electronic computer optical disc(CD-ROM). 
650 0 0 |a Lembaga Hasil Dalam Negeri Malaysia [LHDN] --   |x Annual report --   |z Malaysia  
651 0 0 |a Malaysia  
999 |a CDR000639H  |b CD-ROM  |c AV Collection  |e Business Information Centre